| 000 | 00807nam a22002177a 4500 | ||
|---|---|---|---|
| 003 | OSt | ||
| 005 | 20250801112814.0 | ||
| 008 | 210315s2018 ck a|||er|||| 00| jdspa d | ||
| 040 |
_aCO-JMCR _cCO-JMCR |
||
| 041 | 0 | _aspa | |
| 082 | 0 | 4 |
_aA-C _bMÚJe _223 |
| 100 | 1 |
_aMújica, Elisa, _eautora _91378 |
|
| 245 | 1 | 0 |
_aElisa Mújica : _b100 años de su natalicio / _cElisa Mújica |
| 260 |
_a[Colombia] : _bMinisterio de Cultura, _c2018 |
||
| 300 |
_a32 páginas : _bilustraciones a color ; _c21 cm. |
||
| 500 | _aIncluye datos biográficos de la autora. | ||
| 500 | _a"Ministerio de Cultura de Colombia. Plan Nacional de Lectura y Escritura "Leer es mi cuento""--Tapa | ||
| 505 | 0 | _aEl mago de los libros -- Las altas torres del humo | |
| 650 | 1 | 4 |
_aCuentos colombianos _ySiglo XXI _910462 |
| 942 |
_2ddc _cBK |
||
| 999 |
_c15373 _d15373 |
||